Datum a čas kvízu
26.5
Celkem bodů
Celkový počet nahraných bodů na tomto kvízu bez doplňovacích otázek.
8.
Pořadí na kvízu
Konečné umístění týmu na tomto kvízu.
Zaznamenané odpovědi
| # | Otázka | Odpověď | Body | Výsledky |
|---|---|---|---|---|
| 1. | Tým CNN Prima News bude posíle... | Markéta Fialová | 0 | |
| 2. | Česká komisařka Věra Jourová s... | hodnoty a transparentnost | 0 | |
| 3. | Kanadská spisovatelka Margaret... | Příběh služebnice | 1 | |
| 4. | Řetězec KFC připravuje vlastní... | Colonel Sanders | 1 | |
| 5. | Brněnský sport se v sobotu ve... | fotbalové derby | 1 | |
| 6. | Když už jsme tu měli minulý tý... | serotonin | 0 | |
| 7. | Erós je řeckým bohem lásky. Ja... | Arés, Afrodita | 1 | |
| 8. | Příponu -filie mají různá slov... | Viktorie | 1 | |
| 9. | Láska je samozřejmě nevyčerpat... | 1C 2B 3A 4D | 0 | |
| 10. | Jak se jmenuje herečka, která... | Gwyneth Paltrow | 0 |